[Event "ITA-ch49 corr"]
[Site "Italy"]
[Date "1999.??.??"]
[Round "?"]
[White "Borroni, Enrico"]
[Black "Cilento, Fulvio"]
[Result "1/2-1/2"]
[WhiteElo "2426"]
[BlackElo "2442"]
[PlyCount "66"]
[EventDate "1999.??.??"]
[EventType "tourn (corr)"]
[EventRounds "14"]
[EventCountry "ITA"]
[SourceTitle "Corr 2002"]
[Source "ChessBase"]
[SourceDate "2002.05.23"]
[SourceVersion "1"]
[SourceVersionDate "2002.05.23"]
[SourceQuality "1"]

1. d4 Nf6 2. c4 e6 3. Nc3 Bb4 4. Qc2 0-0 5. a3 Bxc3+ 6. Qxc3 b6 7. Bg5 Bb7 8. f3 h6 9. Bh4 d5 10. e3 Nbd7 11. cxd5 Nxd5 12. Bxd8 Nxc3 13. Bh4 Nd5 14. Bf2 c5 15. e4 Nf4 16. Bb5 Rfd8 17. Ne2 a6 18. Bc4 b5 19. Nxf4 bxc4 20. dxc5 Rdc8 21. 0-0-0 Nxc5 22. Bxc5 Rxc5 23. Ne2 Rg5 24. g3 Bc6 25. Rd6 Ba4 26. Nc3 Bb3 27. Re1 Kf8 28. Re2 Rc5 29. Red2 Rh5 30. R6d4 Ra7 31. f4 f6 32. Rd8+ Kf7 33. Rh8 Rh3 1/2-1/2

[Event "ITA-ch49 corr"]
[Site "Italy"]
[Date "1999.??.??"]
[Round "?"]
[White "Del Vasto, Catello"]
[Black "Cilento, Fulvio"]
[Result "1/2-1/2"]
[WhiteElo "2382"]
[BlackElo "2442"]
[PlyCount "38"]
[EventDate "1999.??.??"]
[EventType "tourn (corr)"]
[EventRounds "14"]
[EventCountry "ITA"]
[SourceTitle "Corr 2002"]
[Source "ChessBase"]
[SourceDate "2002.05.23"]
[SourceVersion "1"]
[SourceVersionDate "2002.05.23"]
[SourceQuality "1"]

1. c4 c5 2. Nf3 Nf6 3. Nc3 d5 4. cxd5 Nxd5 5. g3 Nc6 6. Bg2 g6 7. 0-0 Bg7 8. Nxd5 Qxd5 9. d3 Qd6 10. Be3 Bxb2 11. Rb1 Bg7 12. Qa4 0-0 13. Nd2 Nd4 14. Bxd4 Qxd4 15. Qxd4 cxd4 16. Bxb7 Rb8 17. Bxc8 Rfxc8 18. Nc4 f5 19. f4 Kf7 1/2-1/2